Voyelles simples de l'alphabet coréen - choix multiple - Statistiques

Statistiques générales
  • Ce quiz a été pris 28 fois
  • Le résultat moyen est 6 sur 10
Statistiques - réponses
Question Réponse % Correct
2. Quelle voyelle fait le son [a] ?
89%
5. Quelle voyelle fait le son [i] ?
89%
10. Quelle voyelle fait le son [eu] ?
89%
1. Quelle voyelle fait le son [ya] ?
85%
4. Quelle voyelle fait le son [yu] ?
81%
8. Quelle voyelle fait le son [u] ?
70%
7. Quelle voyelle fait le son [eo] ?
48%
6. Quelle voyelle fait le son [yo] ?
26%
9. Quelle voyelle fait le son [o] ?
26%
3. Quelle voyelle fait le son [yeo] ?
7%
Aucun quiz correspondant
Distribution des résultats
% des personnes avec chaque résultat
Percentile par nombre de réponses
Votre historique - résultats
Vous n’avez pas pris ce quiz